000
00313 a2200157 4500
001
192370
020
_a
978-85-326-5164-8
040
_c
Magnum
100
_a
Alencar, José de
240
1
0
_a
Iracema
_l
por
245
1
0
_a
Iracema
300
_a
198
362
0
_a
2016
697
_a
LITERATURA GERAL
942
_c
BK
999
_c
192370
_d
192370